BIBLIOTECA

SENCICO

Redes topométricas / (Registro nro. 526)

Detalles MARC
000 -LEADER
fixed length control field 01505nam a2200301Ia 4500
003 - CONTROL NUMBER IDENTIFIER
control field PE SENCICO BE
005 - DATE AND TIME OF LATEST TRANSACTION
control field 20251020182440.0
008 - FIXED-LENGTH DATA ELEMENTS--GENERAL INFORMATION
fixed length control field 200515s9999 xx 000 0 und d
020 ## - INTERNATIONAL STANDARD BOOK NUMBER
International Standard Book Number 84-95279-48-7
040 ## - CATALOGING SOURCE
Original cataloging agency PE SENCICO BE
Transcribing agency PE SENCICO BE
041 ## - LANGUAGE CODE
Language code of text/sound track or separate title spa
082 ## - DEWEY DECIMAL CLASSIFICATION NUMBER
Classification number 526.9
Item number C27
100 1# - MAIN ENTRY--PERSONAL NAME
Personal name Carpio Hernández, Juan Pedro
9 (RLIN) 3288
Relator term autor
245 10 - TITLE STATEMENT
Title Redes topométricas /
Statement of responsibility, etc. Juan Pedro Carpio Hernández
250 ## - EDITION STATEMENT
Edition statement 1a ed.
260 ## - PUBLICATION, DISTRIBUTION, ETC.
Place of publication, distribution, etc. Madrid :
Name of publisher, distributor, etc. Bellisco Ediciones Técnicas y Científicas,
Date of publication, distribution, etc. 2001
300 ## - PHYSICAL DESCRIPTION
Extent 418 páginas :
Other physical details ilustraciones, tablas, gráficos ;
Dimensions 24 cm.
490 ## - SERIES STATEMENT
Series statement Biblioteca Técnica Universitaria ;
Volume/sequential designation 7
504 ## - BIBLIOGRAPHY, ETC. NOTE
Bibliography, etc. note Bibliografía: p. [421]-422
505 0# - FORMATTED CONTENTS NOTE
Formatted contents note Radiación -- Poligonal -- Intersección directa -- Intersección inversa -- Nivelación trigonométrica -- Sistema de posicionamiento global (GPS) -- Teoría de errores: mínimos cuadrados -- Triangulación -- Red primaria planimétrica -- Red primaria planimétrica -- Redes de orden inferior -- Redes altimétricas -- Compensación de redes altimétricas por MMCC -- Relieve, formas fundamentales -- Estudio general de errores -- Red de puntos de apoyo -- Control de cartografía y obra civil -- Topometría urbana -- Cartografía. Software topográfico
650 10 - SUBJECT ADDED ENTRY--TOPICAL TERM
Topical term or geographic name entry element Topografía
9 (RLIN) 4
650 20 - SUBJECT ADDED ENTRY--TOPICAL TERM
Topical term or geographic name entry element Geomática
9 (RLIN) 1071
650 20 - SUBJECT ADDED ENTRY--TOPICAL TERM
Topical term or geographic name entry element Redes topométricas
9 (RLIN) 3289
650 20 - SUBJECT ADDED ENTRY--TOPICAL TERM
Topical term or geographic name entry element Sistema de Posicionamiento Global
9 (RLIN) 3280
650 20 - SUBJECT ADDED ENTRY--TOPICAL TERM
Topical term or geographic name entry element GPS
9 (RLIN) 911
650 20 - SUBJECT ADDED ENTRY--TOPICAL TERM
Topical term or geographic name entry element Cartografía
9 (RLIN) 1
942 ## - ADDED ENTRY ELEMENTS (KOHA)
Koha item type Libros
Source of classification or shelving scheme Dewey Decimal Classification
Existencias
Fecha de la última vez que lo usaron Número de ingreso o de inventario Pago total Signatura topográfica completa Código de barras Precio efectivo desde Tipo de documento Estado perdido Sistema de clasificación Estado dañado No es para préstamo Retirado Ubicación permanente Ubicación actual Fecha de adquisición
15/05/2020 14535   526.9/C27 BibLima25100011 15/05/2020 Libros   Dewey Decimal Classification       Biblioteca Central Lima Biblioteca Central Lima 15/05/2020